| 000 | 00796nam a22002297a 4500 | ||
|---|---|---|---|
| 005 | 20250411144047.0 | ||
| 008 | 250411b |||||||| |||| 00| 0 eng d | ||
| 020 | _a978-1-009-4249-0 (hbk) | ||
| 037 | _cTB | ||
| 040 |
_aCRL _cCRL |
||
| 041 |
_2eng _aeng |
||
| 084 |
_aQ41:231 R4 _qCRL |
||
| 100 |
_aSurendran, Gitanjali _9752186 |
||
| 245 |
_aDemocracy's dhamma: _bBuddhism in the making of modern India, c. 1890-1956 |
||
| 260 |
_aCambridge, USA: _bCambridge University Press, _c2024. |
||
| 300 | _axviii, 348p. | ||
| 490 | _aSouth Asian intellectual history | ||
| 650 | _aReligion | ||
| 650 | _aBuddhism | ||
| 942 |
_2CC _cTB _hQ41:231 R4 _n0 |
||
| 999 |
_c1308880 _d1308880 |
||